000 00654nam a22002297a 4500
003 UA-OsUOA
001 67825
007 ta
008 20100316b un ||||| |||| 00| 0 ukr d
100 _aПещак Я.
090 _a343.102
_bП31
942 _cBK
040 _aUA-OsUOA
_brus
_cUA-OsUOA
_dUA-OsUOA
245 _aСледственные версии
_bКриминалистическое исследование
300 _a230 с.
955 _a2
041 _arus
080 _a343.102
260 _aМ.
_bПрогресс
_c1976
650 7 _a343 Кримінальне право. Карні порушення
_2UDC
999 _c353947
_d353947